000 00369 a2200169 4500
001 46175
020 _a978-85-08-14873-8
040 _cAnchieta - Aquarius
100 _aAzevedo, Álvares
240 1 0 _a=Noite na taverna
_lpor
245 1 0 _a=Noite na taverna
300 _a
362 0 _a2011
440 1 _aÁtica
650 4 _aLiteratura brasileira
942 _cBK
999 _c46175
_d46175